| 000 | 00678nam a22001457a 4500 | ||
|---|---|---|---|
| 040 | _cMCS (NUST) | ||
| 082 | _a005.8,SAM | ||
| 100 |
_aSami, Sadia _935203 |
||
| 245 |
_aIdentity Based Encryption for Secure Email / _cSadia Sami |
||
| 260 |
_aRawalpndi _bMCS (NUST) _cApr 2016 |
||
| 300 | _axi, 58 p, | ||
| 505 | _aIntroduction (Page-1), Literature Review (Page-5), Analysis of IB Key Agreement Protocol for Multiple PKGs and IBE Based Email Systems (Page-19), Proposed IBE Scheme for Secure Email in Multiple PKG Environment (Page-33), Performance Evaluation and Security Analysis (Page-43), Conclusion (Page-50). | ||
| 650 |
_aPG Thesis _935000 |
||
| 942 |
_2ddc _cTHE _k005.8,SAM |
||
| 999 |
_c608151 _d608151 |
||